III Coloquio La Cuena Hispana del Pacífico, Pasado y Futuro /

Memoria de los trabajos presentados en el Tercer Coloquio La Cuena Hispana del Pacífico, Pasado y Futuro, realizado el 19 y 20 de noviembre de 1994 en Barra de Navidad, Jalisco, México. Este coloquio tiene como propósito estudiar el primer viaje desde el puerto La Navidad hacia Filipinas, realizado...

ver descrição completa

Na minha lista:
Detalhes bibliográficos
Autor Corporativo: Coloquio La Cuena Hispana del Pacífico, Pasado y Futuro ( Barra de Navidad, Jalisco)
Outros Autores: Olveda, Jaime (coordinación) (coordinación)
Formato: Procedimiento de la conferencia Livro
Idioma:espanhol
Assuntos:
Tags: Adicionar Tag
Sem tags, seja o primeiro a adicionar uma tag!

MARC

LEADER 00000nam^a2200000^a^4500
001 000186940
005 20250521000000.0
009 20260310102243.939
037 |a Acervo ITESO - Biblioteca 
041 |a ESP 
082 |a 972. 3503  |b COL 1994 
111 |a Coloquio La Cuena Hispana del Pacífico, Pasado y Futuro (  |n 3º :  |d 1994 :  |c Barra de Navidad, Jalisco) 
240 1 1 |a [Coloquio La Cuena Hispana del Pacífico, Pasado y Futuro] 
245 1 0 |a III Coloquio La Cuena Hispana del Pacífico, Pasado y Futuro /  |c Coord. de J. Olveda. 
264 |a Guadalajara, México :  |b Sociedad de Geografía y Estadística del Estado de Jalisco,  |c 1995 
300 |a 175 p. 
336 |a texto  |b txt  |2 rdacontenido 
337 |a sin mediación  |b n  |2 rdamedio 
338 |a volumen  |b nc  |2 rdasoporte 
520 |a Memoria de los trabajos presentados en el Tercer Coloquio La Cuena Hispana del Pacífico, Pasado y Futuro, realizado el 19 y 20 de noviembre de 1994 en Barra de Navidad, Jalisco, México. Este coloquio tiene como propósito estudiar el primer viaje desde el puerto La Navidad hacia Filipinas, realizado por Miguel López de Legazpi y Andrés de Urdaneta, y las repercusiones históricas, políticas, económicas, etnográficas, lingüísticas y religiosas que Jalisco, México y Filipinas han enfrentado desde la época colonial hasta nuestros días. 
649 |a XX 
650 |a Jalisco -  |x Historia -  |x Congresos 
650 |a Puertos -  |z Barra de Navidad, Jalisco 
650 |a Puertos -  |z Jalisco 
650 |a Puertos -  |z México 
650 |a Viajes Marítimos -  |z Filipinas 
650 |a Viajes y Travesías -  |z Filipinas 
650 |a Navegación -  |z Filipinas 
650 |a Transculturación -  |z México-Filipinas 
650 |a Relaciones Interculturales -  |z México-Filipinas 
650 |a Relaciones Internacionales -  |z México-Filipinas -  |x Historia 
650 |a Barra de Navidad, Jalisco -  |x Historia -  |y Virreinato, 1535-1821 
650 |a Jalisco -  |x Historia -  |y Virreinato, 1535-1821 
650 |a México -  |x Historia -  |y Virreinato, 1535-1821 
650 |a Barra de Navidad, Jalisco -  |x Historia -  |y Epoca Colonial, 1517-1821 
650 |a Jalisco -  |x Historia -  |y Epoca Colonial, 1517-1821 
650 |a México -  |x Historia -  |y Epoca Colonial, 1517-1821 
650 |a Barra de Navidad, Jalisco -  |x Historia 
650 |a Jalisco -  |x Historia 
650 |a México -  |x Historia 
650 |a Filipinas -  |x Historia -  |y 1521-1812 
650 |a Filipinas -  |x Historia -  |y Epoca Colonial, 1521-1898 
650 |a Filipinas -  |x Historia 
700 |a Olveda, Jaime  |e (coordinación) 
910 |a Fondo Julio de la Peña Lomelín 
920 |a Impresos - Libros 
930 |a Arquitectos Jaliscienses 
905 |a 115 
901 |a 0500129100  |b IT1  |c JAL  |u 20250521 
902 |a https://opac.biblio.iteso.mx/vufind/Record/000186940